Defensa del Rei Witiza / (Record no. 14427)
[ view plain ]
| 000 -LEADER | |
|---|---|
| campo de control de longitud fija | 01133nam a2200265 i 4500 |
| 001 - NÚMERO DE CONTROL | |
| campo de control | 14427 |
| 003 - IDENTIFICADOR DE NÚMERO DE CONTROL | |
| campo de control | ES-MaACL |
| 005 - FECHA Y HORA DE LA ÚLTIMA TRANSACCIÓN | |
| campo de control | 20240228155325.0 |
| 007 - CAMPO FIJO DE DESCRIPCIÓN FÍSICA--INFORMACIÓN GENERAL | |
| campo de control de longitud fija | t| |
| 008 - DATOS DE LONGITUD FIJA--INFORMACIÓN GENERAL | |
| campo de control de longitud fija | 980813r19981772sp ||||0| spa j |
| 040 ## - FUENTE DE CATALOGACIÓN | |
| Centro catalogador/agencia de origen | M-BN-DP |
| Lengua de catalogación | spa |
| Centro/agencia transcriptor | M-BN-DP |
| 080 ## - NÚMERO DE LA CLASIFICACIÓN DECIMAL UNIVERSAL | |
| Número de la Clasificación Decimal Universal | 929 Witiza (460) |
| 080 ## - NÚMERO DE LA CLASIFICACIÓN DECIMAL UNIVERSAL | |
| Número de la Clasificación Decimal Universal | 946.0"0414/0711" |
| 100 1# - ENTRADA PRINCIPAL--NOMBRE DE PERSONA | |
| Nombre de persona | Mayáns y Siscar, Gregorio. |
| 9 (RLIN) | 79333 |
| 245 10 - MENCIÓN DEL TÍTULO | |
| Título | Defensa del Rei Witiza / |
| Mención de responsabilidad, etc. | su autor, Gregorio Mayans i Siscar. Carta del Revmo. P. Frai Josef de S. Pedro de Alcántara Castro ... escrita al Sºr. D. Gregorio Mayáns i Siscár ... sobre la defensa del Rei Witiza. |
| 260 ## - PUBLICACIÓN, DISTRIBUCIÓN, ETC. | |
| Lugar de publicación, distribución, etc. | Valencia : |
| Nombre del editor, distribuidor, etc. | Librerías París-Valencia, |
| Fecha de publicación, distribución, etc. | D.L. 1998. |
| 300 ## - DESCRIPCIÓN FÍSICA | |
| Extensión | 45, 28 p ; |
| Dimensiones | 22 cm. |
| 534 ## - NOTA SOBRE LA VERSIÓN ORIGINAL | |
| Frase introductoria | Reprod. de la ed. de: |
| Publicación, distribución, etc. del original | -- Valencia : Josef i Thomas de Orga, 1772. |
| 534 ## - NOTA SOBRE LA VERSIÓN ORIGINAL | |
| Frase introductoria | Reprod. de la ed. de: |
| Publicación, distribución, etc. del original | -- Valencia : Josef i Tomas de Orga, 1773. |
| 600 14 - PUNTO DE ACCESO ADICIONAL DE MATERIA--NOMBRE DE PERSONA | |
| Nombre de persona | Witiza |
| Títulos y otros términos asociados al nombre | Rey de los Visigodos. |
| 9 (RLIN) | 117165 |
| 651 #7 - PUNTO DE ACCESO ADICIONAL DE MATERIA--NOMBRE GEOGRÁFICO | |
| Nombre geográfico | España- |
| Subdivisión general | Historia- |
| Subdivisión cronológica | 0414-0711, Época visigoda |
| Fuente del encabezamiento o término | |
| 9 (RLIN) | 162046 |
| 700 1# - ENTRADA AGREGADA--NOMBRE PERSONAL | |
| Nombre de persona | San Pedro de Alcántara Castro, José de. |
| 9 (RLIN) | 102292 |
| 852 ## - LOCALIZACIÓN | |
| Ubicación | ES-MaACL |
| Número de control de estantería | L-21634 |
| Sublocalización o colección | R.126637 |
| Estatus retirado | Estado de pérdida | Estado de daño | No para préstamo | Biblioteca de origen | Biblioteca actual | Ubicación en estantería | Fecha de adquisición | Fuente de adquisición | Total de préstamos | Signatura topográfica completa | Código de barras | Visto por última vez | Precio de reemplazo | Tipo de ítem Koha |
|---|---|---|---|---|---|---|---|---|---|---|---|---|---|---|
| Biblioteca del Ateneo de Madrid | Biblioteca del Ateneo de Madrid | Depósito 2 | 17/01/2008 | L-21634 | 1014674 | 23/02/2023 | 23/02/2023 | Libro impreso |
